000 00193 a2200097 4500
020 _a9780822578116
041 _aspa
100 _aNelson, Robin
245 _aComo se mueven las cosas
942 _cBK
999 _c9336
_d9336